| 000 | 00549cam a2200217ua 4500 | ||
|---|---|---|---|
| 020 | _c13.25 | ||
| 041 |
_amal _h |
||
| 082 |
_a631.46 _bYOG/MR |
||
| 100 | _aYogesan nair, J . | ||
| 245 |
_aMruttikasukshmajeevi vijnanam / _cJ Yogesan nair. _hTextual Documents |
||
| 250 |
_a1 / _b. |
||
| 260 |
_aThiruvananthapuram : _bState Instititute of Languages , _c1971. |
||
| 300 | _a433 ; . | ||
| 365 | _a13.25 | ||
| 504 | _a | ||
| 942 | _cBK | ||
| 999 |
_c5400 _d5400 |
||